Statistics for Official Languages of the EU

Click here to take the quiz!

General Stats

  • This quiz has been taken 694 times
    (559 since last reset)
  • The average score is 21 of 24

Answer Stats

YearLanguage% Correct
1973English
99%
1958French
98%
1958German
98%
1986Spanish
96%
1958Italian
95%
1995Swedish
95%
1973Danish
92%
1958Dutch
92%
2004Polish
92%
1981Greek
91%
1986Portuguese
89%
1995Finnish
88%
2004Czech
87%
2007Romanian
87%
2013Croatian
86%
2004Hungarian
85%
2004Slovak
85%
2004Latvian
84%
2004Lithuanian
84%
2007Bulgarian
83%
2004Estonian
83%
2007Irish
77%
2004Maltese
63%
2004Slovene
56%

Score Distribution

Percentile by Number Answered

Percent of People with Each Score

Your Score History

You have not taken this quiz since the last reset